000 00814nam a2200205 a 4500
003 0
005 20250404162220.0
008 050809s19uu xx 00 eng d
050 _aPGS QL 561.P36.E44
_b.N991 2005
100 _aNuyda, Ayni C.
245 _aEffects of temperature in polytechnic variations on Papilio demoleus demoleus (Rhopalocera: butterfly) /
_cAyni C. Nuyda.
260 _aLas PiƱas City, Philippines :
_bSouthville International School and Colleges,
_c2005.
300 _a47 pages :
_billustrations ;
_c28 cm.
504 _aIncludes bibliographical references.
650 _aButterflies
_vEffect of temperature on.
650 _aButterflies
_zPhilippines
_vGeographical variation.
650 _aButterflies
_vDevelopment.
650 _aTemperature
_vPhysiological effect.
942 _2lcc
_cPASS
999 _c97401
_d97401